Nuno Espírito Santo's Nottingham Forest - Statistics

General Stats
  • This quiz has been taken 10 times
  • The average score is 33 of 46
Answer Stats
Rank Player Position Nationality Matches Goals Assists % Correct
6 Anthony Elanga Right Winger 62 8 18
100%
5 Callum Hudson-Odoi Left Winger 63 12 5
100%
7 Chris Wood Centre-Forward 60 32 4
100%
11 Elliot Anderson Central Midfield 43 2 6
100%
8 Matz Sels Goalkeeper 59 0 0
100%
1 Murillo Centre-Back 65 2 2
100%
3 Neco Williams Left-Back 64 1 3
100%
9 Nicolás Domínguez Central Midfield 57 2 3
100%
13 Nikola Milenković Centre-Back 41 5 2
100%
10 Ola Aina Right-Back 49 1 1
100%
4 Ryan Yates Central Midfield 64 5 4
100%
12 Taiwo Awoniyi Centre-Forward 42 4 1
100%
21 Willy Boly Centre-Back 16 1 1
100%
23 Gonzalo Montiel Right-Back 14 0 3
90%
16 Morato Centre-Back 28 0 0
90%
2 Morgan Gibbs-White Attacking Midfield 64 12 19
90%
20 Álex Moreno Left-Back 17 0 0
80%
27 Giovanni Reyna Attacking Midfield 10 0 1
80%
17 Ibrahim Sangaré Defensive Midfield 27 0 3
80%
15 Jota Silva Right Winger 36 4 3
80%
29 Matt Turner Goalkeeper 8 0 0
80%
40 Odysseas Vlachodimos Goalkeeper 2 0 0
80%
19 Ramón Sosa Left Winger 21 3 1
80%
41 Arnaud Kalimuendo Centre-Forward 2 0 0
70%
14 Danilo Defensive Midfield 37 3 2
70%
36 Dan Ndoye Right Winger 3 1 1
70%
24 Divock Origi Centre-Forward 14 1 1
70%
38 Igor Jesus Centre-Forward 3 0 0
70%
25 Moussa Niakhaté Centre-Back 11 1 0
70%
31 Orel Mangala Defensive Midfield 6 0 0
70%
22 Andrew Omobamidele Centre-Back 15 1 0
60%
18 Harry Toffolo Left-Back 24 0 0
60%
44 James McAtee Attacking Midfield 2 0 0
60%
28 Nuno Tavares Left-Back 9 0 0
60%
45 Scott McKenna Centre-Back 1 0 0
60%
39 Zach Abbott Centre-Back 2 0 0
60%
34 Cheikhou Kouyaté Defensive Midfield 4 0 0
50%
33 Eric da Silva Moreira Right-Back 4 0 0
50%
30 Felipe Centre-Back 6 0 1
50%
37 Joe Worrall Centre-Back 3 0 0
50%
43 Brandon Aguilera Attacking Midfield 2 0 0
40%
35 Carlos Miguel Goalkeeper 3 0 0
40%
42 Omari Hutchinson Attacking Midfield 2 0 0
40%
32 Rodrigo Ribeiro Centre-Forward 5 0 0
20%
26 James Ward-Prowse Central Midfield 10 0 1
10%
46 Joe Gardner Centre-Forward 1 0 0
0%
No matching quizzes found
Score Distribution
Percent of People with Each Score
Percentile by Number Answered
Your Score History
You have not taken this quiz